LEADER 04918nam 2200673Ia 450 001 9910465445503321 005 20200520144314.0 010 $a1-61761-667-2 035 $a(CKB)2560000000067929 035 $a(EBL)3017768 035 $a(SSID)ssj0000413718 035 $a(PQKBManifestationID)12139387 035 $a(PQKBTitleCode)TC0000413718 035 $a(PQKBWorkID)10382631 035 $a(PQKB)10847307 035 $a(MiAaPQ)EBC3017768 035 $a(Au-PeEL)EBL3017768 035 $a(CaPaEBR)ebr10654739 035 $a(OCoLC)923653614 035 $a(EXLCZ)992560000000067929 100 $a20090917d2010 uy 0 101 0 $aeng 135 $aurcn||||||||| 181 $ctxt 182 $cc 183 $acr 200 00$aCentral banking and globalization$b[electronic resource] /$fMarlon Cappello and Cristian Rizzo, editors 210 $aNew York $cNova Science Publishers$dc2010 215 $a1 online resource (191 p.) 225 0$aGlobal economic studies series 300 $aDescription based upon print version of record. 311 $a1-60876-056-1 320 $aIncludes bibliographical references and index. 327 $a""CENTRAL BANKING AND GLOBALIZATION""; ""CENTRAL BANKING AND GLOBALIZATION""; ""CONTENTS ""; ""PREFACE ""; ""ON THE ROLE OF MONEY-GROWTH TARGETING UNDER AN INFLATION-TARGETING REGIME""; ""Abstract""; ""1. Introduction""; ""2. Why the Money May Be Useful and Important""; ""3. Monetary Targeting versus Inflation Targeting""; ""4. The Model""; ""5. The Dynamics of Inflation Expectations under Inflation-Targeting Regime with Feedback Money Growth Rule""; ""Forward-Looking Expectations""; ""Backward-Looking Expectations""; ""6. Zero-Interest-Rate Policy and Quantitative Easing Policy"" 327 $a""7. Conclusion""""Appendix: The Difference Equation under Forward-Looking Expectations""; ""Acknowledgments""; ""References""; ""TRADE REMEDIES: A PRIMER*""; ""Summary ""; ""Introduction ""; ""Overview ""; ""Congressional Interest ""; ""Action in 110th Congress""; ""AD and CVD Laws and Investigations ""; ""U.S. Statutes and Eligibility Criteria ""; ""U.S. International Obligations ""; ""Outcome of AD and CVD Investigations ""; ""AD and CVD Investigations ""; ""Preliminary Determinations ""; ""Final Determinations ""; ""Critical Circumstances "" 327 $a""Termination of Investigation and Suspension Agreements""""Administrative and Sunset Reviews ""; ""Recent U.S. AD/CVD Disputes in WTO ""; ""Antidumping Act of 1916 ""; ""Continued Dumping and Subsidy Offset Act""; ""Zeroing ""; ""AD/CVD Issues in the 110th Congress ""; ""Application of Countervailing Duties to Nonmarket Economy Countries ""; ""WTO Panel Participation and Oversight""; ""Safeguard (Escape Clause) Measures ""; ""Statutory Authority ""; ""Section 201 Eligibility Criteria ""; ""U.S. International Obligations ""; ""NAFTA Provisions ""; ""Section 201 Safeguard Investigations "" 327 $a""ITC Role """"Presidential Action ""; ""Midterm Review ""; ""Section 201 Outcomes ""; ""2002 Steel Safeguard Action ""; ""Section 406 Relief ""; ""Surge Protection from Chinese Imports ""; ""Safeguard Legislation in the 110th Congress ""; ""Conclusion ""; ""References ""; ""TOWARDS NEW METRICS TO MEASURE SUSTAINED COMPETITIVENESS IN THE CARIBBEAN""; ""Abstract""; ""Introduction""; ""Tourism Life Cycle, Competitiveness and Sub-Optimality""; ""Defining Tourism Competitiveness""; ""Addressing Issues Related to Sub-Optimality in the Consumption and Production of Tourism"" 327 $a""Tourism in the Caribbean""""Measuring Sustained Competitiveness""; ""Data Sources, Estimation and Empirical Results""; ""Study Results and Implications""; ""Conclusion""; ""References""; ""CENTRAL BANKING AND DEFLATIONARY DEPRESSION : A JAPANESE PERSPECTIVE""; ""Abstract""; ""1. Introduction""; ""2. Too Late Too Small? Hypothesis of Japanese Monetary Policy :Empirical and Informal Theoretical Analyses""; ""3. A Formal Theoretical Interpretation by Means of a System of Dynamic Equations""; ""Proposition""; ""4. Permissible versus Optimal Monetary Policies""; ""Criterion"" 327 $a""5. On The Problem of Sign Reversal in the New Keynesian Dynamic Model"" 410 0$aGlobal Economic Studies 606 $aBanks and banking, Central 606 $aGlobalization$xEconomic aspects 606 $aInternational finance 606 $aMonetary policy 608 $aElectronic books. 615 0$aBanks and banking, Central. 615 0$aGlobalization$xEconomic aspects. 615 0$aInternational finance. 615 0$aMonetary policy. 676 $a332.1/1 701 $aCappello$b Marlon$0886119 701 $aRizzo$b Cristian$0886120 801 0$bMiAaPQ 801 1$bMiAaPQ 801 2$bMiAaPQ 906 $aBOOK 912 $a9910465445503321 996 $aCentral banking and globalization$91978714 997 $aUNINA